|
|
|
|
| LEADER |
01360pam a22002778a 4500 |
| 001 |
00043846 |
| 005 |
20190320110317.0 |
| 008 |
110531s2000 ||||||Viesd |
| 020 |
# |
# |
|c 13500
|
| 041 |
0 |
# |
|a Vie
|
| 082 |
1 |
4 |
|a 373.18
|b T450CH
|
| 100 |
0 |
# |
|a Phùng, Đình Mẫn
|e Chủ biên
|
| 245 |
0 |
0 |
|a Tổ chức hoạt động giáo dục ngoài giờ lên lớp ở trường trung học phổ thông
|b giáo trình bồi dưỡng thường xuyên giáo viên THPT chu kì III
|c Phùng Đình Mẫn; Trần Văn Hiếu; Thiêu Thị Hường
|
| 260 |
# |
# |
|a Hà Nội
|b Giáo dục
|c 2005
|
| 300 |
# |
# |
|a 147 tr.
|c 27 cm.
|
| 500 |
# |
# |
|a ĐTTS ghi : Đại học Huế. Trường Đại học sư phạm
|
| 653 |
# |
# |
|a Giáo dục
|
| 653 |
# |
# |
|a THPT
|
| 653 |
# |
# |
|a Ngoại khóa
|
| 653 |
# |
# |
|a Ngoài giờ lên lớp
|
| 653 |
# |
# |
|a Hoạt động
|
| 700 |
1 |
# |
|a Thiêu, Thị Hường
|
| 700 |
0 |
# |
|a Trần, Văn Hiếu
|
| 852 |
# |
# |
|j KD.0025415
|j KM.0028272
|j KM.0028273
|j KM.0028274
|j KM.0028275
|j KM.0028276
|j KM.0028277
|j KM.0028278
|j KM.0028279
|j KM.0028280
|j KM.0028281
|j KM.0028282
|j KM.0028283
|j KM.0028284
|j KM.0028285
|j KM.0028286
|j KM.0028287
|j KM.0028288
|j KM.0028289
|j KM.0028290
|
| 910 |
0 |
# |
|d 20/3/2019
|
| 980 |
# |
# |
|a Trung tâm Học liệu Lê Vũ Hùng, Trường Đại học Đồng Tháp
|